000 00488nam a2200181Ia 4500
020 _a0074525638
040 _cOSU
082 _a636 HIL 1990 A090 Or.
100 1 _aHungerford, T. G.
245 1 0 _aDiseases of livestock /
250 _a9th ed
260 _aSydney ;
_aNew York :
_bMcGraw-Hill,
_cc1990
300 _axxvii, 1942 p. :
_bill. ;
_c29 cm
500 _aCover title: Hungerford's Diseases of livestock
650 0 _aVeterinary medicine
650 0 _aLivestock
942 _cEK
999 _c15830
_d15830